|
|
|
|
| LEADER |
03453nam a22003977a 4500 |
| 001 |
39976 |
| 003 |
BD-DhAAL |
| 008 |
221108t20162009miuab 001 0 eng d |
| 999 |
|
|
|c 44759
|d 44759
|
| 020 |
|
|
|a 9781530051120
|
| 040 |
|
|
|a BD-DhAAL
|c BD-DhAAL
|
| 082 |
|
|
|a 005.133
|2 23
|
| 100 |
|
|
|a Severance, Charles R.,
|e author.
|9 52257
|
| 245 |
|
|
|a Python for everybody :
|b exploring data using Python 3 /
|c Charles R. Severance.
|
| 246 |
|
|
|a Exploring data using Python 3
|
| 246 |
|
|
|a Python for everybody :
|b exploring data in Python 3
|
| 260 |
|
|
|a Ann Arbor, Michigan :
|b Charles Severance,
|c 2016.
|
| 300 |
|
|
|a xii, 235 pages :
|b illustrations ;
|c 26 cm.
|
| 500 |
|
|
|a Includes index.
|
| 505 |
|
|
|a Why should you learn to write programs? -- Variables, expressions, and statements -- Conditional execution -- Functions -- Iteration -- Strings -- Files -- Lists -- Dictionaries -- Tuples -- Regular expressions -- Networked programs -- Using web services -- Object-oriented programming -- Using databases and SQL -- Visualizing data.
|
| 526 |
|
|
|a CSE
|
| 541 |
|
|
|a Karim International
|e 39976, 39977, 39978, 39979, 39980, 39981, 39982, 39983, 39984, 39985
|
| 650 |
|
|
|a Python (Computer program language).
|9 52258
|
| 650 |
|
|
|a Computer science.
|9 52259
|
| 852 |
|
|
|a Ayesha Abed Library
|c General Stacks
|
| 942 |
|
|
|2 ddc
|c BK
|
| 952 |
|
|
|0 0
|1 0
|2 ddc
|4 0
|6 005_133000000000000_SEV
|7 0
|9 72212
|a BRACUL
|b BRACUL
|c GEN
|d 2022-10-27
|e Karim International
|g 1190.00
|l 10
|m 106
|o 005.133 SEV
|p 3010039981
|r 2026-02-19
|s 2026-02-05
|t 6
|v 1190.00
|w 2022-10-27
|y BK
|
| 952 |
|
|
|0 0
|1 0
|2 ddc
|4 0
|6 005_133000000000000_SEV
|7 0
|9 72213
|a BRACUL
|b BRACUL
|c GEN
|d 2022-10-27
|e Karim International
|g 1190.00
|l 11
|m 73
|o 005.133 SEV
|p 3010039979
|q 2026-06-02
|r 2026-05-02
|s 2026-05-02
|t 4
|v 1190.00
|w 2022-10-27
|y BK
|
| 952 |
|
|
|0 0
|1 0
|2 ddc
|4 0
|6 005_133000000000000_SEV
|7 0
|9 72214
|a BRACUL
|b BRACUL
|c GEN
|d 2022-10-27
|e Karim International
|g 1190.00
|l 11
|m 68
|o 005.133 SEV
|p 3010039982
|r 2026-02-01
|s 2024-05-13
|t 7
|v 1190.00
|w 2022-10-27
|y BK
|
| 952 |
|
|
|0 0
|1 0
|2 ddc
|4 0
|6 005_133000000000000_SEV
|7 0
|9 72215
|a BRACUL
|b BRACUL
|c GEN
|d 2022-10-27
|e Karim International
|g 1190.00
|l 10
|m 100
|o 005.133 SEV
|p 3010039983
|r 2025-02-24
|s 2025-01-02
|t 8
|v 1190.00
|w 2022-10-27
|y BK
|
| 952 |
|
|
|0 0
|1 0
|2 ddc
|4 0
|6 005_133000000000000_SEV
|7 0
|9 72216
|a BRACUL
|b BRACUL
|c GEN
|d 2022-10-27
|e Karim International
|g 1190.00
|l 9
|m 49
|o 005.133 SEV
|p 3010039976
|r 2025-11-08
|s 2025-11-08
|t 1
|v 1190.00
|w 2022-10-27
|y BK
|
| 952 |
|
|
|0 0
|1 0
|2 ddc
|4 0
|6 005_133000000000000_SEV
|7 0
|9 72217
|a BRACUL
|b BRACUL
|c GEN
|d 2022-10-27
|e Karim International
|g 1190.00
|l 11
|m 56
|o 005.133 SEV
|p 3010039984
|r 2025-11-03
|s 2025-10-29
|t 9
|v 1190.00
|w 2022-10-27
|y BK
|
| 952 |
|
|
|0 0
|1 0
|2 ddc
|4 0
|6 005_133000000000000_SEV
|7 0
|9 72218
|a BRACUL
|b BRACUL
|c GEN
|d 2022-10-27
|e Karim International
|g 1190.00
|l 4
|m 76
|o 005.133 SEV
|p 3010039985
|r 2025-01-11
|s 2024-01-28
|t 10
|v 1190.00
|w 2022-10-27
|y BK
|
| 952 |
|
|
|0 0
|1 0
|2 ddc
|4 0
|6 005_133000000000000_SEV
|7 0
|9 72219
|a BRACUL
|b BRACUL
|c CIR
|d 2022-10-27
|e Karim International
|g 1190.00
|l 2
|o 005.133 SEV
|p 3010039977
|r 2023-06-06
|s 2022-11-25
|t 2
|v 1190.00
|w 2022-10-27
|y 1HOUR
|
| 952 |
|
|
|0 0
|1 0
|2 ddc
|4 0
|6 005_133000000000000_SEV
|7 0
|9 72220
|a BRACUL
|b BRACUL
|c GEN
|d 2022-10-27
|e Karim International
|g 1190.00
|l 9
|m 111
|o 005.133 SEV
|p 3010039980
|q 2026-05-19
|r 2025-11-19
|s 2025-11-19
|t 5
|v 1190.00
|w 2022-10-27
|y BK
|
| 952 |
|
|
|0 0
|1 0
|2 ddc
|4 0
|6 005_133000000000000_SEV
|7 0
|9 72221
|a BRACUL
|b BRACUL
|c GEN
|d 2022-10-27
|e Karim International
|g 1190.00
|l 7
|m 88
|o 005.133 SEV
|p 3010039978
|r 2025-03-15
|s 2025-02-23
|t 3
|v 1190.00
|w 2022-10-27
|y BK
|